000 00609nam a22002177a 4500
003 UA-OsUOA
001 51747
007 ta
008 20141020b un ||||| |||| 00| 0 ukr d
090 _a017
942 _cBK
040 _aUA-OsUOA
_beng
_cUA-OsUOA
_dUA-OsUOA
245 _aLibraries Unlimited
_bCatalog 1986
300 _a51 p.
955 _a1
041 _aeng
080 _a017
650 7 _a01 Бібліографія і бібліографії. Каталоги
_2UDC
999 _c431873
_d431873